| 000 | nam a22 a 4500 | ||
|---|---|---|---|
| 999 |
_c147871 _d147871 |
||
| 003 | BLK | ||
| 005 | 20230202161440.0 | ||
| 008 | 180410b bul|||||r ||||||| ||bul|| | ||
| 010 | _aKNG00154090000 | ||
| 040 | _aBLK | ||
| 041 |
_aBUL _cBUL |
||
| 080 |
_aИталианска литература _b821.131.1 _x-93-32 _z821.131.1-93-32 |
||
| 100 | 1 |
_aМалерба, Луиджи _eпърви автор _991603 |
|
| 139 |
_aМалерба, Луиджи _bМ 21 |
||
| 245 | 1 | 0 |
_aДжобни разказчета _bЗа деца _cЛуиджи Малерба; състав. и прев. от итал. Никола Захариев; худож. Адриано Занино. |
| 257 | _aITA | ||
| 260 |
_aСофия _bОтечество _c1990 _fВ. Търново : печ. Д. Найденов |
||
| 300 |
_a56 с. _bс ил. _c24 см |
||
| 380 | _aDX | ||
| 500 | _aПрев. е направен от Storiete ; Storiette tascabili / Luigi Maierba. - Без тир. | ||
| 653 | _aдетска литература | ||
| 653 | _aлитература за деца | ||
| 700 | 1 |
_aЗахариев, Никола _eсъстав. и прев. от итал. _9380255 |
|
| 700 | 1 |
_aЗанино, Адриано _eхудож. _969004 |
|
| 852 | _aЦб 262776 | ||
| 856 | 4 |
_qpdf _i0.34 _ldisable |
|
| 856 | 4 |
_qpdf _i0.34 _ldisable |
|
| 942 |
_cKNG _n0 _02 _s1 |
||
| 944 |
_aCR _c29.11.2013 _l29.11.2013 - от С1,Р / 29.11.2013 _kЦветелин_Руменов |
||
| 944 |
_aED _c29.11.2013 _l29.11.2013 - от С1,Р / 29.11.2013 |
||
| 999 | _d147871 | ||
| 999 | _d147871 | ||